| 000 | 00457nam a2200193Ia 4500 | ||
|---|---|---|---|
| 005 | 20250423101242.0 | ||
| 008 | 250422s9999 xx 000 0 und d | ||
| 020 | _a9781119941286 | ||
| 050 | _aNA 2500 .P35/ | ||
| 100 | _aPallasmaa, Juhani | ||
| 245 | 4 | _aThe eyes of the skin | |
| 250 | _a3rd ed. | ||
| 260 | _aChichester | ||
| 260 | _bJohn Wiley & Sons | ||
| 260 | _c2012 | ||
| 300 | _a128 p | ||
| 650 | _aArchitecture--Aesthetics. | ||
| 942 | _cBK | ||
| 999 |
_c35750 _d35750 |
||